| 000 | 01009nac a22003257a 4500 | ||
|---|---|---|---|
| 001 | BR0405825 | ||
| 003 | BR-BrBNA | ||
| 005 | 20240105123057.0 | ||
| 008 | 230509b bl.|||m| |||| 00| 0 por d | ||
| 040 |
_aBR-BrBNA _bpor _cBiblioteca Nacional de Agricultura |
||
| 072 | _aH10 | ||
| 090 | _a1540 BR0405825 | ||
| 100 | 1 | _aFarias, A.R.N. | |
| 100 | 1 | _aMattos, P.L.P. de | |
| 110 | 1 | _aEMBRAPA Mandioca e Fruticultura, Cruz das Almas, BA (Brasil) | |
| 245 | 1 | _aManejo integrado do mandarová da mandioca | |
| 260 | 3 |
_aCruz das Almas, BA (Brasil): _c2003. |
|
| 300 | _a8 p. | ||
| 490 |
_aCircular Técnica - EMBRAPA Mandioca e Fruticultura (Brazil) _vno. 59 _xISSN 1516-5612 |
||
| 500 | _a9 illus.; 10 ref. | ||
| 650 | _aMANDIOCA | ||
| 650 | _aMANDAROVÁ | ||
| 650 | _aPRAGA DE PLANTA | ||
| 650 | _aECLOSÃO | ||
| 650 | _aCONTROLE INTEGRADO | ||
| 650 | _aEQUILÍBRIO ECOLÓGICO | ||
| 650 | _aCONDIÇÃO AMBIENTAL | ||
| 909 |
_a202312 _bLúcia Elande _c55 _dLúcia Elande |
||
| 942 |
_2AGRIS _n0 _cMS |
||
| 999 |
_c293895 _d293895 |
||